Retrouvez la chanson #1 - Statistiques

Statistiques générales
  • Ce quiz a été pris 63 fois
  • Le résultat moyen est 5 sur 20
Statistiques - réponses
Hint Réponse % Correct
Laisse-moi devenir l'ombre de ton ombre Ne me quitte pas (Jacques Brel)
60%
Pour une fille belle t'es pas si bête Balance ton quoi (Angèle)
51%
Des îles Fidji au Fujiyama Voyage, Voyage (Desireless)
45%
Ici même nos rêves sont étroits Là-bas (Jean-Jacques Goldman et Sirima)
43%
Balayées les amours avec leurs trémolos Non, je ne regrette rien (Édith Piaf)
38%
Je bâtirais une ferme, une grange et une barrière Si j'avais un marteau (Claude François)
38%
On fait bien des grands feux en frottant des cailloux Je te promets (Johnny Hallyday)
36%
Dans ce silence amer, j'ai décidé de pardonner Je t'aime (Lara Fabian)
28%
Juste faire hennir les chevaux du plaisir Osez Joséphine (Alain Bashung)
26%
Je passe à l'action quitte à monopoliser l'attention Rue de la Paix (Zazie)
21%
Ne plus rien sentir, inconscient, minéral J'en rêve encore (Gérald de Palmas)
19%
Je suis aussi vorace, aussi vivante que toi La grenade (Clara Luciani)
19%
Si le dégoût de la vie vient en toi Message personnel (Françoise Hardy)
19%
T’as pas connu ça toi, l’envie d’empocher les patates Face à la mer (Calogero et Passi)
17%
La vie ne vaut d'être vécue sans amour La javanaise (Serge Gainsbourg)
15%
J'ai envie qu'on se dise tous nos moindre secrets Ta meilleure amie (Lorie)
13%
Des nuits d’ivoire sûr, ça je t’en dois Pas là (Vianney)
11%
Et tout m'est égal, tout, à part toi Fais-moi une place (Julien Clerc)
8%
Faut remplir la gamelle mais tout en souriant Roule (Soprano)
8%
À l'ombre du sourire des Bouddhas de marbre blanc Plus près des étoiles (Gold)
6%
Aucun quiz correspondant
Distribution des résultats
% des personnes avec chaque résultat
Percentile par nombre de réponses
Votre historique - résultats
Vous n’avez pas pris ce quiz